Plan de acción 1978. Plan de Desarrollo
Guardado en:
| Institution som forfatter: | |
|---|---|
| Format: | Texto |
| Udgivet: |
Managua
|
| Tags: |
Tilføj Tag
Ingen Tags, Vær først til at tagge denne postø!
|
MARC
| LEADER | 00000 a a2200000 04500 | ||
|---|---|---|---|
| 001 | 20902 | ||
| 003 | |||
| 040 | |||
| 090 | |a 089400 | ||
| 110 | |a Federación de Cooperativas de Ahorro y Crédito de Nicaragua | ||
| 245 | |a Plan de acción 1978. Plan de Desarrollo | ||
| 260 | |a Managua | ||
| 300 | |a 46 p. | ||
| 500 | |a dos volumenes | ||
| 999 | |c 572 |d 572 | ||
